Bhakthideepika (Record no. 34116)

MARC details
000 -LEADER
fixed length control field 00408nam a2200133Ia 4500
008 - FIXED-LENGTH DATA ELEMENTS--GENERAL INFORMATION
fixed length control field 211109s9999||||xx |||||||||||||| ||und||
082 ## - DEWEY DECIMAL CLASSIFICATION NUMBER
Classification number 894.8121
Item number ULL-B
100 ## - MAIN ENTRY--PERSONAL NAME
Personal name Ulloor, Parameswara Iyer
245 #0 - TITLE STATEMENT
Title Bhakthideepika
260 ## - PUBLICATION, DISTRIBUTION, ETC.
Name of publisher, distributor, etc. Ullur Publishers
Place of publication, distribution, etc. Thiruvananthapuram
Date of publication, distribution, etc. 1970
630 ## - SUBJECT ADDED ENTRY--UNIFORM TITLE
General subdivision General Stack
650 ## - SUBJECT ADDED ENTRY--TOPICAL TERM
Topical term or geographic name entry element Literature
942 ## - ADDED ENTRY ELEMENTS (KOHA)
Koha item type BOOK
650 ## - SUBJECT ADDED ENTRY--TOPICAL TERM
Form subdivision malayalam literatureMalayalam PoetryLiterature
General subdivision Generalia
Holdings
Withdrawn status Lost status Damaged status Not for loan Home library Current library Date acquired Cost, normal purchase price Total Checkouts Full call number Barcode Shelving location Date last seen Price effective from Koha item type
        SB LIBRARY SB LIBRARY 09/11/2021 5.00   894.8121 ULL-B 00035346 GENERAL STACK 09/11/2021 09/11/2021 BOOK

Powered by Koha